Sostenibilidad y desarrollo sostenible : (Registro nro. 8550)

Detalles MARC
000 -CABECERA
Campo de control 00912nam a22002657a 4500
005 - FECHA Y HORA DE LA ULTIMA TRANSACCION
Campo de control 20200104041627.0
008 - ELEMENTOS DE LONGITUD FIJA—INFORMACION GENERAL
Campo de control 121204s2003 cl a gr 000 0dspa d
015 ## - NATIONAL BIBLIOGRAPHY NUMBER
National bibliography number ck-2012-xxxx
020 ## - ISBN
ISBN 9213221819
041 0# - IDIOMA
Código de idioma para texto/pista de sonido o título separado Español
044 ## - PAÍS DE PUBLICACIÓN
País de publicación Chile
082 04 - NUMERO DE CLASIFICACION DECIMAL DEWEY
Número de clasificación 631.584
Número del ítem G17s
100 1# - ASIENTO PRINCIPAL--NOMBRE PERSONAL
Nombre personal Gallopín, Gilberto
245 00 - MENCION DE TITULO
Título Sostenibilidad y desarrollo sostenible :
Parte restante del título un enfoque sistémico /
260 ## - PUBLICACION, DISTRIBUCION, ETC. (PIE DE IMPRENTA)
Lugar de publicación, distribución, etc. Santiago de Chile
Nombre del editor, distribuidor, etc. Naciones Unidas
-- CEPAL
Fecha de publicación, distribución, etc. 2003
300 ## - DESCRIPCION FISICA
Extensión 44 p.
Otros detalles físicos il. ;
Dimensiones 24 cm.
490 ## - MENCION DE SERIE
Mención de serie Medio ambiente y desarrollo
Designación numérica/secuencial del volumen 64
504 ## - NOTA DE BIBLIOGRAFIA, ETC.
Nota de bibliografía Incluye referencias bibliográficas (pag. 39 - 40)
650 #4 - ASIENTO SECUNDARIO DE MATERIA - TERMINO TEMATICO
Término temático o nombre geográfico como elemento de entrada Agricultura biológica.
650 #4 - ASIENTO SECUNDARIO DE MATERIA - TERMINO TEMATICO
Término temático o nombre geográfico como elemento de entrada Agricultura sostenible.
650 #4 - ASIENTO SECUNDARIO DE MATERIA - TERMINO TEMATICO
Término temático o nombre geográfico como elemento de entrada Tecnología agrícola.
650 #4 - ASIENTO SECUNDARIO DE MATERIA - TERMINO TEMATICO
Término temático o nombre geográfico como elemento de entrada Agricultura sostenible
Subdivisión general Aspectos económicos.
650 #4 - ASIENTO SECUNDARIO DE MATERIA - TERMINO TEMATICO
Término temático o nombre geográfico como elemento de entrada Agricultura sostenible
Subdivisión general Aspectos ambientales.
942 ## - ELEMENTOS ADICIONALES (KOHA)
Sistema de clasificación Dewey Decimal Classification
Tipo de ítem Impreso
Existencias
Withdrawn status Lost status Sistema de Clasificación Damaged status No para préstamo Colección Inventariado Ubicación Permanente Ubicación actual Fecha de adquisición Fuente de Valor Valor Total Checkouts Número topográfico Inventario / Código de Barras Date last seen Ejemplar Price effective from Forma de adquisición Tipo de material
    Dewey Decimal Classification     General Inventariado 2017 Sala Fabio Quevedo Sala Fabio Quevedo 11/07/2014 Instituto 15000.00   LB-631.584 G17s 034294 11/07/2014 Ej. 1 11/07/2014   Libro